000 00614nam a2200193 i 4500
001 91419
003 ES-MaACL
005 20230906180722.0
007 t|
008 050131s1931 fr ||||1| fre d
100 1 _aLévy-Bruhl, Lucien.
_972014
245 1 3 _aLe surnaturel et la nature dans la mentalité primitive /
_cpar Lucien Levy-Bruhl.
260 _aParis :
_bFélix Alcan,
_c1931 (
_fPresses Universitaires de France)
300 _aXL, 526 p. ;
_c23 cm.
650 0 4 _aEtnopsicología.
_912602
650 0 4 _aSociedad primitiva.
_917177
852 _aES-MaACL
_jA-1941
_bR.19182
852 _aES-MaACL
_jA-731
999 _c91419
_d91419